Every US State Capital to its State - Randomized - Statistics

General Stats
  • This quiz has been taken 31 times
  • The average score is 39 of 50
Answer Stats
Capital State % Correct
Montgomery Alabama
100%
Phoenix Arizona
100%
Denver Colorado
100%
Albany New York
100%
Oklahoma City Oklahoma
100%
Salt Lake City Utah
100%
Sacramento California
95%
Atlanta Georgia
95%
Honolulu Hawaii
95%
Bâton Rouge Louisiana
95%
Tallahassee Florida
90%
Nashville Tennessee
90%
Austin Texas
90%
Juneau Alaska
86%
Indianapolis Indiana
86%
Boston Massachusetts
86%
Santa Fe New Mexico
86%
Little Rock Arkansas
81%
Boise Idaho
81%
Springfield Illinois
81%
Jackson Mississippi
81%
Columbus Ohio
81%
Providence Rhode Island
81%
Richmond Virginia
81%
Hartford Connecticut
76%
Des Moines Iowa
76%
Topeka Kansas
76%
Dover Delaware
71%
Frankfort Kentucky
71%
Augusta Maine
71%
Carson City Nevada
71%
Concord New Hampshire
71%
Trenton New Jersey
71%
Raleigh North Carolina
71%
Saint Paul Minnesota
67%
Helena Montana
67%
Harrisburg Pennsylvania
67%
Columbia South Carolina
67%
Pierre South Dakota
67%
Olympia Washington
67%
Madison Wisconsin
67%
Cheyenne Wyoming
67%
Lansing Michigan
62%
Jefferson City Missouri
62%
Lincoln Nebraska
62%
Bismarck North Dakota
62%
Salem Oregon
62%
Charleston West Virginia
62%
Annapolis Maryland
57%
Montpelier Vermont
57%
No matching quizzes found
Score Distribution
Percent of People with Each Score
Percentile by Number Answered
Your Score History
You have not taken this quiz